Kunstschätze im Britische Museum (Record no. 3348)

MARC details
000 -CABECERA
campo de control de longitud fija 00805nam a2200253 a 4500
001 - NÚMERO DE CONTROL
campo de control BRCA_3613
005 - FECHA Y HORA DE LA ÚLTIMA TRANSACCIÓN
campo de control 20190320204343.0
008 - DATOS DE LONGITUD FIJA--INFORMACIÓN GENERAL
campo de control de longitud fija 120809s1958----gw-a---###---#000-0#ger-#
041 ## - CÓDIGO DE LENGUA
Código de lengua del texto/banda sonora o título independiente ger
044 ## - CÓDIGO DEL PAÍS DE LA ENTIDAD EDITORA/PRODUCTORA
Código MARC del país gw
050 #4 - SIGNATURA TOPOGRÁFICA DE LA BIBLIOTECA DEL CONGRESO
Número de clasificación N1040
Número de documento/Ítem .G75 1958
100 1# - ENTRADA PRINCIPAL--NOMBRE DE PERSONA
Nombre de persona Grigson, Geoffrey
9 (RLIN) 9371
245 10 - MENCIÓN DE TÍTULO
Título Kunstschätze im Britische Museum
Mención de responsabilidad, etc. Auswahl und Begleittext von Geoggrey Grigson ; Photos von Edwin Smith.
260 ## - PUBLICACIÓN, DISTRIBUCIÓN, ETC.
Lugar de publicación, distribución, etc. München
Nombre del editor, distribuidor, etc. Droemersche Verlagsanstalt T. Knaur Nachf
Fecha de publicación, distribución, etc. 1958
300 ## - DESCRIPCIÓN FÍSICA
Extensión 70 p.
Otras características físicas il., 157 láminas
Dimensiones 28 cm.
500 ## - NOTA GENERAL
Nota general Incluye 6 láminas a color numeradas en romano
500 ## - NOTA GENERAL
Nota general B283
610 24 - PUNTO DE ACCESO ADICIONAL DE MATERIA--NOMBRE DE ENTIDAD CORPORATIVA
Nombre de entidad corporativa o nombre de jurisdicción como elemento de entrada British Museum
9 (RLIN) 1207
650 14 - PUNTO DE ACCESO ADICIONAL DE MATERIA--TÉRMINO DE MATERIA
Término de materia o nombre geográfico como elemento de entrada Arte
Subdivisión geográfica Londres
9 (RLIN) 9372
650 14 - PUNTO DE ACCESO ADICIONAL DE MATERIA--TÉRMINO DE MATERIA
Término de materia o nombre geográfico como elemento de entrada Galerias y Museos
Subdivisión geográfica Inglaterra
9 (RLIN) 9373
700 1# - PUNTO DE ACCESO ADICIONAL--NOMBRE DE PERSONA
Nombre de persona Smith, Edwid
Término indicativo de función/relación il
9 (RLIN) 9374
902 ## - CATALOGADOR
Iniciales GFM
942 ## - ELEMENTOS DE PUNTO DE ACCESO ADICIONAL (KOHA)
Fuente del sistema de clasificación o colocación Library of Congress Classification
Tipo de ítem Koha Libros
Holdings
Estado de retiro Estado de pérdida Estado dañado No para préstamo Localización permanente Ubicación/localización actual Fecha de adquisición Número de inventario Total de préstamos Signatura topográfica completa Código de barras Fecha visto por última vez Precio válido a partir de Tipo de ítem Koha
El ejemplar forma parte de la colección y puede ser consultado según las políticas vigentes.       Biblioteca del Museo Franz Mayer (Rogerio Casas-Alatriste) Biblioteca del Museo Franz Mayer (Rogerio Casas-Alatriste) 12/08/2009 B283   N1040 .G75 1958 (B283) 3610 22/03/2019 22/03/2019 Libros